Dobrý a nezávislý management je zásadní pro úspěšný prodej firmy

Rozhovor s Petrom Šímom partnerom poradenskej spoločnosti NSG Morison o tom, ako pripraviť firmu na predaj, čo zvyšuje jej hodnotu, o vplyve dobrého mena firmy na predaj, o hodnote firmy, o súčasnej situácii na trhu s predajom firiem v Čechách.

Salvato in:
Dettagli Bibliografici
Autore principale: Kejhová, Hana
Altri autori: Šíma, Petr
Natura: Capitolo di libro
Lingua:ceco
Soggetti:
Tags: Aggiungi Tag
Nessun Tag, puoi essere il primo ad aggiungerne!!

MARC

LEADER 00000naa a2200000 4500
001 0192824
005 20231211095003.8
041 0 |a cze 
044 |a CZ 
245 1 0 |a Dobrý a nezávislý management je zásadní pro úspěšný prodej firmy  |c Hana Kejhová, Petr Šíma 
520 |a Rozhovor s Petrom Šímom partnerom poradenskej spoločnosti NSG Morison o tom, ako pripraviť firmu na predaj, čo zvyšuje jej hodnotu, o vplyve dobrého mena firmy na predaj, o hodnote firmy, o súčasnej situácii na trhu s predajom firiem v Čechách. 
610 2 0 |a podnik 
610 2 0 |a podnikanie 
610 2 0 |a predaj 
610 2 0 |a hodnota podniku 
610 2 0 |a vlastníctvo 
610 2 0 |a manažment 
100 1 |a Kejhová, Hana 
700 1 |a Šíma, Petr